Minimum English language requirements for taxi-drivers in Danang to communicate efectively to their foreign customers

Introduction; Literature review and theoretical background; Methodology and procedures...

Guardado en:
Detalles Bibliográficos
Autor principal: Tạ Thị Ly Ly
Otros Autores: Trần Quang Hải, Ph.D. (Supervisor.)
Formato: Desconocido
Lenguaje:English
Publicado: Da Nang : University of Danang, 2013.
Materias:
Etiquetas: Agregar Etiqueta
Sin Etiquetas, Sea el primero en etiquetar este registro!
Thư viện lưu trữ: Mạng thư viện Đại học Đà Nẵng
LEADER 02961na a2200385 4500
001 000031257
003 5896
005 20230601090217.0
008 151001s2013 000 eng
040 |a LNN 
041 |a VIE 
082 |a 428.2  |b TA-L 
100 |a Tạ Thị Ly Ly 
245 1 0 |a Minimum English language requirements for taxi-drivers in Danang to communicate efectively to their foreign customers  |h [Thesis-Luận văn thạc sĩ] /  |c Tạ Thị Ly Ly ; Trần Quang Hải hướng dẫn. 
260 |a Da Nang :  |b University of Danang,  |c 2013. 
300 |a vi, 79 p. ;  |c 29 cm. +  |e 1 summary. 
500 |a Includes appendices. 
500 |a Master thesis in social sciences and humanities. Field: The English language. Code: 60.22.15. 
520 3 |a Introduction; Literature review and theoretical background; Methodology and procedures... 
630 0 4 |a English language. 
650 0 4 |a English language  |x Study and teaching  |v Textbooks for foreign speakers. 
700 1 |a Trần Quang Hải,  |c Ph.D.,  |e Supervisor. 
OWN |a LNN 
AVA |a UDN50  |b LNN  |c English  |d 428.2T A-L  |e available  |t Error 5001 Not defined in file expand_doc_bib_avail.  |f 1  |g 0  |h N  |i 0  |j AN  |k 1 
Z40 3 |y Minimum English language requirements for taxi-drivers in Danang to communicate efectively to their  |l Library of UFL  |t VIEW  |x http://catalog.udn.vn:80/F?func=service&doc_library=UDN01&local_base=UDN01&doc_number=000031257&sequence=000001&line_number=0001&func_code=DB_RECORDS&service_type=MEDIA  |f summary_000025174.pdf  |e pdf  |s 000135652  |k 20230601  |m NTMTHI 
Z40 3 |y Minimum English language requirements for taxi-drivers in Danang to communicate efectively to their  |l Library of UFL  |t VIEW  |x http://catalog.udn.vn:80/F?func=service&doc_library=UDN01&local_base=UDN01&doc_number=000031257&sequence=000002&line_number=0002&func_code=DB_RECORDS&service_type=MEDIA  |f LUANVAN_000025176.pdf  |e pdf  |s 000418320  |k 20230601  |m NTMTHI 
999 |a From the UDN01 
AVA |a UDN50  |b LNN  |c English  |d 428.2T A-L  |e available  |t Error 5001 Not defined in file expand_doc_bib_avail.  |f 1  |g 0  |h N  |i 0  |j AN  |k 1 
TYP |a Printed language 
856 |y Minimum English language requirements for taxi-drivers in Danang to communicate efectively to their  |l Library of UFL  |t VIEW  |x http://catalog.udn.vn:80/F?func=service&doc_library=UDN01&local_base=UDN01&doc_number=000031257&sequence=000001&line_number=0001&func_code=DB_RECORDS&service_type=MEDIA  |f summary_000025174.pdf  |e pdf  |s 000135652  |k 20230601  |m NTMTHI 
856 |y Minimum English language requirements for taxi-drivers in Danang to communicate efectively to their  |l Library of UFL  |t VIEW  |x http://catalog.udn.vn:80/F?func=service&doc_library=UDN01&local_base=UDN01&doc_number=000031257&sequence=000002&line_number=0002&func_code=DB_RECORDS&service_type=MEDIA  |f LUANVAN_000025176.pdf  |e pdf  |s 000418320  |k 20230601  |m NTMTHI 
980 |a Mạng thư viện Đại học Đà Nẵng